<?xml version="1.0" encoding="UTF-8"?>
<record
    xmlns:xsi="http://www.w3.org/2001/XMLSchema-instance"
    xsi:schemaLocation="http://www.loc.gov/MARC21/slim http://www.loc.gov/standards/marcxml/schema/MARC21slim.xsd"
    xmlns="http://www.loc.gov/MARC21/slim">

  <leader>00365nam a22001457a 4500</leader>
  <controlfield tag="003">OSt</controlfield>
  <controlfield tag="005">20240209124117.0</controlfield>
  <controlfield tag="008">240209b        |||||||| |||| 00| 0 eng d</controlfield>
  <datafield tag="020" ind1=" " ind2=" ">
    <subfield code="a">9788177585681</subfield>
  </datafield>
  <datafield tag="040" ind1=" " ind2=" ">
    <subfield code="c">IIMT ENGINEERING COLLEGE</subfield>
  </datafield>
  <datafield tag="100" ind1=" " ind2=" ">
    <subfield code="a">WESTE, NEIL H.E.</subfield>
  </datafield>
  <datafield tag="245" ind1=" " ind2=" ">
    <subfield code="a">CMOS VLSI DESIGN</subfield>
  </datafield>
  <datafield tag="260" ind1=" " ind2=" ">
    <subfield code="a">NEW DELHI</subfield>
    <subfield code="b">PEARSON EDUCATION</subfield>
    <subfield code="c">2006</subfield>
  </datafield>
  <datafield tag="942" ind1=" " ind2=" ">
    <subfield code="2">ddc</subfield>
    <subfield code="c">02</subfield>
  </datafield>
  <datafield tag="999" ind1=" " ind2=" ">
    <subfield code="c">58134</subfield>
    <subfield code="d">58134</subfield>
  </datafield>
  <datafield tag="952" ind1=" " ind2=" ">
    <subfield code="0">0</subfield>
    <subfield code="1">0</subfield>
    <subfield code="2">ddc</subfield>
    <subfield code="4">0</subfield>
    <subfield code="7">0</subfield>
    <subfield code="a">06</subfield>
    <subfield code="b">06</subfield>
    <subfield code="d">2024-02-09</subfield>
    <subfield code="p">06-B-7703</subfield>
    <subfield code="r">2024-02-09</subfield>
    <subfield code="u">EC / EN</subfield>
    <subfield code="w">2024-02-09</subfield>
    <subfield code="y">01</subfield>
  </datafield>
</record>
